| Поле | Название | Значение |
| |
Тип записи |
a |
| |
Библиографический уровень |
m |
| 001 |
Контрольный номер |
RU/URAIT/583144 |
| 005 |
Дата корректировки |
20260429163643.8 |
| 008 |
Кодируемые данные |
260429s2026 RU y f j 000 0 rus u |
| 020 |
Индекс ISBN |
__ |
| a |
ISBN |
978-5-9916-5087-8 |
| c |
Цена, тираж |
1729.00 |
| 040 |
Источник каталогиз. |
__ |
| a |
Служба первич. каталог. |
ИКО Юрайт |
| c |
Служба, преобразующая запись |
ИКО Юрайт |
| e |
Правила каталог. |
RCR |
| 041 |
Код языка издания |
__ |
| a |
Код языка текста |
rus |
| 044 |
Код страны публикации |
__ |
| a |
Код страны публикации |
RU |
| 080 |
Индекс УДК |
__ |
| a |
Индекс УДК |
612.8(075.8) |
| 084 |
Индекс другой классификации/Индекс ББК |
__ |
| 2 |
Источник индекса |
rubbk |
| a |
Индекс другой классификации/Индекс ББК |
28.707.3я73 |
| 100 |
Автор |
__ |
| a |
Автор |
Ковалева А. В. |
| q |
Полное имя |
Ковалева Анастасия Владимировна |
| 245 |
Заглавие |
__ |
| a |
Заглавие |
Нейрофизиология, физиология высшей нервной деятельности и сенсорных систем |
| b |
Продолж. заглавия |
учебник для вузов |
| c |
Ответственность |
А. В. Ковалева. |
| 256 |
Характеристики компьютерного файла |
__ |
| a |
Характеристики компьютерного файла |
Электрон. дан. |
| 260 |
Выходные данные |
__ |
| a |
Место издания |
Москва |
| b |
Издательство |
Юрайт |
| c |
Дата издания |
2026 |
| 300 |
Физическое описание |
__ |
| a |
Объем |
324 с |
| 440 |
Серия |
__ |
| a |
Серия |
Высшее образование |
| 500 |
Примечания |
__ |
| a |
Примечание |
URL: https://urait.ru/bcode/583144 (дата обращения: 29.04.2026). |
| 520 |
Аннотация |
__ |
| a |
Аннотация |
Курс «Нейрофизиология, физиология высшей нервной деятельности и сенсорных систем» написан специально для студентов психологических специальностей. Он призван закрепить знания, полученные при изучении анатомии ЦНС, и заложить базовые знания для освоения таких дисциплин, как психофизиология, клиническая психология, нейропсихология и др. Для более наглядного представления материала и лучшего усвоения знаний, развития навыков и умений текст дополнен большим количеством иллюстративного материала. Три относительно независимые части курса — «Нейрофизиология», «Физиология высшей нервной деятельности» и «Физиология сенсорных систем» — могут изучаться в разной последовательности. Любая психологическая специальность предполагает использование в работе базовых знаний в области нейрофизиологии и физиологии ВНД и сенсорных систем. Данный курс призван дать необходимую информацию как студентам, так и профессиональным психологам. |
| 538 |
Прим. о системных особенностях |
__ |
| a |
Прим. о системных особенностях |
Режим доступа: Электронно-библиотечная система Юрайт, для авториз. пользователей |
| 653 |
Ключевые слова |
__ |
| a |
Ключевые слова |
Анатомия и физиология. Цитология. Гистология. Эмбриология |
| 653 |
Ключевые слова |
__ |
| a |
Ключевые слова |
Медицина и фармакология |
| 653 |
Ключевые слова |
__ |
| a |
Ключевые слова |
Основы нейрофизиологии и высшей нервной деятельности |
| 653 |
Ключевые слова |
__ |
| a |
Ключевые слова |
Физиология высшей нервной деятельности и сенсорных систем |
| 653 |
Ключевые слова |
__ |
| a |
Ключевые слова |
Физиология высшей нервной деятельности |
| 653 |
Ключевые слова |
__ |
| a |
Ключевые слова |
Нейрофизиология |
| 653 |
Ключевые слова |
__ |
| a |
Ключевые слова |
Физиология ВНД и сенсорных систем |
| 653 |
Ключевые слова |
__ |
| a |
Ключевые слова |
Физиология высшей нервной деятельности. Иммунология |
| 653 |
Ключевые слова |
__ |
| a |
Ключевые слова |
Физиология ВНД |
| 653 |
Ключевые слова |
__ |
| a |
Ключевые слова |
Физиология ВНД обучающихся |
| 653 |
Ключевые слова |
__ |
| a |
Ключевые слова |
Основы физиологии ВНД и нейрохимии |
| 653 |
Ключевые слова |
__ |
| a |
Ключевые слова |
Высшая нервная деятельность и физиология поведения |
| 653 |
Ключевые слова |
__ |
| a |
Ключевые слова |
Биология поведения и ВНД |
| 653 |
Ключевые слова |
__ |
| a |
Ключевые слова |
Введение в физиологию высшей нервной деятельности |
| 653 |
Ключевые слова |
__ |
| a |
Ключевые слова |
Основы физиологии высшей нервной деятельности |
| 653 |
Ключевые слова |
__ |
| a |
Ключевые слова |
Общая нейрофизиология |
| 653 |
Ключевые слова |
__ |
| a |
Ключевые слова |
Высшая нервная деятельность |
| 653 |
Ключевые слова |
__ |
| a |
Ключевые слова |
Основы нейрофизиологии и ВНД |
| 653 |
Ключевые слова |
__ |
| a |
Ключевые слова |
Теоретические аспекты физиологии высшей нервной деятельности |
| 653 |
Ключевые слова |
__ |
| a |
Ключевые слова |
Физиология ЦНС и ВНД |
| 653 |
Ключевые слова |
__ |
| a |
Ключевые слова |
Анатомия и физиология ВНД |
| 653 |
Ключевые слова |
__ |
| a |
Ключевые слова |
Анатомия центральной нервной системы и физиология высшей нервной деятельности |
| 653 |
Ключевые слова |
__ |
| a |
Ключевые слова |
Анатомия ЦНС и физиология ВНД |
| 653 |
Ключевые слова |
__ |
| a |
Ключевые слова |
Нейрофизиология. Общие вопросы |
| 653 |
Ключевые слова |
__ |
| a |
Ключевые слова |
Основы нейрофизиологии |
| 653 |
Ключевые слова |
__ |
| a |
Ключевые слова |
Нейрофизиология и высшая нервная деятельность |
| 653 |
Ключевые слова |
__ |
| a |
Ключевые слова |
Физиология высшей нервной деятельности, психофизиология |
| 653 |
Ключевые слова |
__ |
| a |
Ключевые слова |
Анатомия ЦНС и физиология ВНД и сенсорных систем |
| 856 |
Электронный адрес документа |
40 |
| n |
Местонахождение сервера |
Юрайт |
| g |
|
Электронная книга |
| q |
Тип электронного формата |
html |
| h |
Имя пользователя |
ЮРАЙТ |
| v |
Часы доступа к ресурсу |
20271231 |
| 2 |
Способ доступа |
Показать документ |
| x |
Служебное примечание |
https://urait.ru/book/cover/88E7C0DB-50C5-4610-A521-A83FB399B695 |
| u |
URL |
https://urait.ru/bcode/583144 |
| 856 |
Электронный адрес документа |
48 |
| q |
Тип электронного формата |
cover |
| u |
URL |
https://urait.ru/book/cover/88E7C0DB-50C5-4610-A521-A83FB399B695 |
| 911 |
|
__ |
| u |
|
0030=https://urait.ru/bcode/583144 |
| 911 |
|
__ |
| u |
|
073a=9785991650878 |
| u |
|
073d=1729.00 |
| 911 |
|
__ |
| u |
|
106a=s |
| 911 |
|
__ |
| u |
|
900l= |
| 952 |
Тип литературы |
__ |
| i |
Дисциплина |
Основы нейрофизиологии и высшей нервной деятельности |
| 952 |
Тип литературы |
__ |
| i |
Дисциплина |
Физиология высшей нервной деятельности и сенсорных систем |
| 952 |
Тип литературы |
__ |
| i |
Дисциплина |
Физиология высшей нервной деятельности |
| 952 |
Тип литературы |
__ |
| i |
Дисциплина |
Нейрофизиология |
| 952 |
Тип литературы |
__ |
| i |
Дисциплина |
Физиология ВНД и сенсорных систем |
| 952 |
Тип литературы |
__ |
| i |
Дисциплина |
Физиология высшей нервной деятельности. Иммунология |
| 952 |
Тип литературы |
__ |
| i |
Дисциплина |
Физиология ВНД |
| 952 |
Тип литературы |
__ |
| i |
Дисциплина |
Физиология ВНД обучающихся |
| 952 |
Тип литературы |
__ |
| i |
Дисциплина |
Основы физиологии ВНД и нейрохимии |
| 952 |
Тип литературы |
__ |
| i |
Дисциплина |
Высшая нервная деятельность и физиология поведения |
| 952 |
Тип литературы |
__ |
| i |
Дисциплина |
Биология поведения и ВНД |
| 952 |
Тип литературы |
__ |
| i |
Дисциплина |
Введение в физиологию высшей нервной деятельности |
| 952 |
Тип литературы |
__ |
| i |
Дисциплина |
Основы физиологии высшей нервной деятельности |
| 952 |
Тип литературы |
__ |
| i |
Дисциплина |
Общая нейрофизиология |
| 952 |
Тип литературы |
__ |
| i |
Дисциплина |
Высшая нервная деятельность |
| 952 |
Тип литературы |
__ |
| i |
Дисциплина |
Основы нейрофизиологии и ВНД |
| 952 |
Тип литературы |
__ |
| i |
Дисциплина |
Теоретические аспекты физиологии высшей нервной деятельности |
| 952 |
Тип литературы |
__ |
| i |
Дисциплина |
Физиология ЦНС и ВНД |
| 952 |
Тип литературы |
__ |
| i |
Дисциплина |
Анатомия и физиология ВНД |
| 952 |
Тип литературы |
__ |
| i |
Дисциплина |
Анатомия центральной нервной системы и физиология высшей нервной деятельности |
| 952 |
Тип литературы |
__ |
| i |
Дисциплина |
Анатомия ЦНС и физиология ВНД |
| 952 |
Тип литературы |
__ |
| i |
Дисциплина |
Нейрофизиология. Общие вопросы |
| 952 |
Тип литературы |
__ |
| i |
Дисциплина |
Основы нейрофизиологии |
| 952 |
Тип литературы |
__ |
| i |
Дисциплина |
Нейрофизиология и высшая нервная деятельность |
| 952 |
Тип литературы |
__ |
| i |
Дисциплина |
Физиология высшей нервной деятельности, психофизиология |
| 952 |
Тип литературы |
__ |
| i |
Дисциплина |
Анатомия ЦНС и физиология ВНД и сенсорных систем |